| 000 | 00684nam a2200217Ia 4500 | ||
|---|---|---|---|
| 005 | 20241129105823.0 | ||
| 008 | 241129s9999||||xx |||||||||||||| ||und|| | ||
| 020 | _a978-81-8223-327-0 | ||
| 037 | _aREF | ||
| 040 |
_aARTS _beng _cARTS |
||
| 041 |
_aeng _2urd |
||
| 084 |
_aO168,1v25292 H4;R2.1-.2 (RR) _qARTS |
||
| 100 |
_aSiddiqui Abullais Au. _9726434 |
||
| 245 | 0 |
_aLucknow ka dabistan-e-shairi _cSiddiqui Abullais Au. |
|
| 260 |
_aNew Delhi, India _bNew Educational Publishing House _c2018 |
||
| 365 |
_aINR _b1300 |
||
| 490 | _v V2 | ||
| 650 |
_aUrdu PoetryHistory _9726435 |
||
| 942 |
_cREF _hO168,1v25292 H4;R2.1-.2 (RR) |
||
| 999 |
_c1226142 _d1226142 |
||